Essor T.2
Giới thiệu những phương pháp cơ bản để học đàn Piano
সংরক্ষণ করুন:
| প্রধান লেখক: | |
|---|---|
| অন্যান্য লেখক: | |
| বিন্যাস: | গ্রন্থ |
| ভাষা: | Undetermined |
| প্রকাশিত: |
Tours (France); H.
Van de Velde; Âm nhạc
2000
|
| বিষয়গুলি: | |
| অনলাইন ব্যবহার করুন: | http://lrc.tdmu.edu.vn/opac/search/detail.asp?aID=2&ID=41614 |
| ট্যাগগুলো: |
ট্যাগ যুক্ত করুন
কোনো ট্যাগ নেই, প্রথমজন হিসাবে ট্যাগ করুন!
|
| Thư viện lưu trữ: | Trung tâm Học liệu Trường Đại học Thủ Dầu Một |
|---|
| LEADER | 00848nam a2200241Ia 4500 | ||
|---|---|---|---|
| 001 | TDMU_41614 | ||
| 008 | 210410s9999 xx 000 0 und d | ||
| 082 | |a 629.240288 | ||
| 090 | |b V201 | ||
| 100 | |a Velde, Ernest Van de | ||
| 245 | 0 | |a Essor | |
| 245 | 0 | |c Ernest Van de Velde; Nicole Colas des Francs IIIustrations; Emer Buckler traduction | |
| 245 | 0 | |n T.2 | |
| 245 | 0 | |p Méthode Rose | |
| 260 | |a Tours (France); H. | ||
| 260 | |b Van de Velde; Âm nhạc | ||
| 260 | |c 2000 | ||
| 300 | |a 88tr. | ||
| 520 | |a Giới thiệu những phương pháp cơ bản để học đàn Piano | ||
| 650 | |a Âm nhạc |v Đàn Piano |v Giáo trình | ||
| 700 | |a Francs, Nicole Colas des | ||
| 856 | |u http://lrc.tdmu.edu.vn/opac/search/detail.asp?aID=2&ID=41614 | ||
| 980 | |a Trung tâm Học liệu Trường Đại học Thủ Dầu Một | ||